Zentrum Paul Klee Bern The Architecture. (Record no. 84056)

MARC details
000 -LEADER
fixed length control field 00420nam a2200157Ia 4500
008 - FIXED-LENGTH DATA ELEMENTS--GENERAL INFORMATION
fixed length control field 230116s9999 xx 000 0 und d
020 ## - INTERNATIONAL STANDARD BOOK NUMBER
International Standard Book Number 9783775715508
041 ## - LANGUAGE CODE
Language code of text/sound track or separate title eng
082 ## - DEWEY DECIMAL CLASSIFICATION NUMBER
Classification number 720.95
100 ## - MAIN ENTRY--PERSONAL NAME
Personal name Cantz H.
9 (RLIN) 106467
245 ## - TITLE STATEMENT
Title Zentrum Paul Klee Bern The Architecture.
260 ## - PUBLICATION, DISTRIBUTION, ETC. (IMPRINT)
Name of publisher, distributor, etc. Hatje Cantz Verlag.
Date of publication, distribution, etc. 2005
300 ## - PHYSICAL DESCRIPTION
Extent 160
906 ## - LOCAL DATA ELEMENT F, LDF (RLIN)
b 37.0
Holdings
Withdrawn status Lost status Source of classification or shelving scheme Damaged status Not for loan Collection code Home library Current library Date acquired Vendor Cost, normal purchase price Bill number Full call number Barcode Date last seen Cost, replacement price Bill Date Koha item type Original Barcode
    Dewey Decimal Classification     Book of B Arch Dr. Bhanuben Nanavati College of Architecture Dr. Bhanuben Nanavati College of Architecture 22/12/2022 Metro Books 1359.29 2087 720.95 CAN BNCA-BK-12107 16/01/2023 2157.60 16/01/2023 Books B012107